| Tag |
First Indicator |
Second Indicator |
Subfields |
| LEADER |
00000cam a2200000Ii 4500 |
| 001 |
in00004282613 |
| 008 |
200607s2020 enka b 001 0 eng d |
| 005 |
20250318223724.4 |
| 019 |
|
|
|a 1201293091
|
| 020 |
|
|
|a 9781137519665
|
| 020 |
|
|
|a 1137519665
|q hardback
|
| 020 |
|
|
|z 9781137519672 (PDF ebook)
|
| 020 |
|
|
|a 1137519673
|
| 020 |
|
|
|a 9781137519672
|
| 024 |
7 |
|
|a 10.1057/978-1-137-51
|
| 035 |
|
|
|a (OCoLC)on1156996208
|
| 035 |
|
|
|a (OCoLC)1156996208
|z (OCoLC)1201293091
|
| 040 |
|
|
|a YDX
|b eng
|e rda
|c YDX
|d BDX
|d UKMGB
|d OCLCO
|d ERASA
|d OCLCF
|d YDXIT
|d OCLCO
|d YDXIT
|d LQU
|d UtOrBLW
|
| 050 |
|
4 |
|a P306.96
|b .S29 2020
|
| 082 |
0 |
4 |
|a 418.02
|2 23
|
| 100 |
1 |
|
|a Scarpa, Federica,
|e author.
|0 http://id.loc.gov/authorities/names/nr91028826
|
| 245 |
1 |
0 |
|a Research and professional practice in specialised translation /
|c Federica Scarpa.
|
| 264 |
|
1 |
|a London :
|b Palgrave Macmillan,
|c 2020.
|
| 300 |
|
|
|a xi, 419 pages :
|b illustrations (black and white) ;
|c 22 cm.
|
| 336 |
|
|
|a text
|2 rdacontent
|b txt
|
| 336 |
|
|
|a still image
|b sti
|2 rdacontent
|
| 337 |
|
|
|a unmediated
|2 rdamedia
|b n
|
| 338 |
|
|
|a volume
|2 rdacarrier
|b nc
|
| 490 |
1 |
|
|a Palgrave studies in translating and interpreting
|
| 504 |
|
|
|a Includes bibliographical references and index.
|
| 520 |
8 |
|
|a Specialised translation has received very little attention from academic researchers, but in fact accounts for the bulk of professional translation on a global scale and is taught in a growing number of university-level translation programmes. This book aims to provide three things. Firstly, it offers a description of what makes the approach to specialised translation distinctive from wider-ranging approaches to Translation Studies adopted by translation scholars and applied linguists. Secondly, unlike the traditional approach to specialised translation, this book explores a perspective on specialised translation that is much less focused on terminology and more on the function and reception of specialised (translated) texts. Finally, the author outlines a professionally-oriented hands-on approach to the teaching of specialised translation resulting from many years of teaching it to MA students. The book will be of interest to Translation Studies students and scholars, as well as professional translators who are interested in the theory on which their activity is based.
|
| 505 |
0 |
|
|a Chapter 1: Introducing Specialised Translation -- Chapter 2: Theoretical Issues in Specialised Translation -- Chapter 3: Translating Specialised Texts -- Chapter 4: Quality in Specialised Translation.
|
| 506 |
|
|
|a Access restricted to users with valid LAU account.
|
| 650 |
|
0 |
|a Translating and interpreting.
|0 http://id.loc.gov/authorities/subjects/sh85136958
|
| 650 |
|
0 |
|a Sublanguage.
|0 http://id.loc.gov/authorities/subjects/sh85129472
|
| 650 |
|
7 |
|a Translating and interpreting.
|2 fast
|0 (OCoLC)fst01154795
|
| 773 |
0 |
|
|t Springer Nature eBook
|w (OCoLC-LQU)1522132
|
| 776 |
0 |
8 |
|i ebook version :
|z 9781137519672
|
| 830 |
|
0 |
|a Palgrave studies in translating and interpreting.
|0 http://id.loc.gov/authorities/names/no2016129281
|
| 852 |
8 |
|
|b pda,print
|z This title is available for the library to purchase for your use. Click the "Purchase It For Me" button to place a request. This item may take 5-10 business days to arrive.
|
| 955 |
|
|
|a Print PDA title
|
| 961 |
|
|
|m 565730
|
| 999 |
f |
f |
|s aa35fec0-05ce-488d-b12d-5236ae82fe7e
|i 53eb8769-379b-3f65-abae-6ecc5e49dc9f
|t 0
|
| 952 |
f |
f |
|a Texas A&M University
|b College Station
|c Sterling C. Evans Library
|d Purchase on Demand
|t 0
|e P306.96 .S29 2020
|h Library of Congress classification
|
| 998 |
f |
f |
|a P306.96 .S29 2020
|t 0
|l Purchase on Demand
|